000 00305nam a22001337a 4500
008 170817b xxu||||| |||| 00| 0 eng d
020 _a9780131679962
041 _aeng
080 _23RD
_a51
100 _a36
101 _aMAT
245 _aINSTRUCTOR'S SOLUTIONS MANUAL
_cGOODAIRE,E.G
942 _2udc
_cBK
999 _c23914
_d23914